<?xml version="1.0" encoding="UTF-8"?>
<record
    xmlns:xsi="http://www.w3.org/2001/XMLSchema-instance"
    xsi:schemaLocation="http://www.loc.gov/MARC21/slim http://www.loc.gov/standards/marcxml/schema/MARC21slim.xsd"
    xmlns="http://www.loc.gov/MARC21/slim">

  <leader>01239nam0a2200325 i 4500</leader>
  <controlfield tag="001">RU\NLR\bibl\1913891</controlfield>
  <controlfield tag="005">20260406015227.0</controlfield>
  <datafield tag="010" ind1=" " ind2=" ">
    <subfield code="a">9785905398384</subfield>
    <subfield code="9">100</subfield>
  </datafield>
  <datafield tag="021" ind1=" " ind2=" ">
    <subfield code="a">RU</subfield>
    <subfield code="b">2012-37763</subfield>
    <subfield code="9">2798</subfield>
  </datafield>
  <datafield tag="035" ind1=" " ind2=" ">
    <subfield code="a">(nilc)RSL-KNO-005444443</subfield>
  </datafield>
  <datafield tag="035" ind1=" " ind2=" ">
    <subfield code="a">(NLR Aleph) 001903410</subfield>
  </datafield>
  <datafield tag="090" ind1=" " ind2=" ">
    <subfield code="a">3078437</subfield>
    <subfield code="c">3078437</subfield>
  </datafield>
  <datafield tag="100" ind1=" " ind2=" ">
    <subfield code="a">20120604d2012    u  y0rusy50      ca</subfield>
  </datafield>
  <datafield tag="101" ind1="0" ind2=" ">
    <subfield code="a">rus</subfield>
  </datafield>
  <datafield tag="102" ind1=" " ind2=" ">
    <subfield code="a">RU</subfield>
  </datafield>
  <datafield tag="105" ind1=" " ind2=" ">
    <subfield code="a">y   |||||||||</subfield>
  </datafield>
  <datafield tag="200" ind1="1" ind2=" ">
    <subfield code="a">&#x41F;&#x43E;&#x44D;&#x43C;&#x430; &#x43E;&#x434;&#x438;&#x43D;&#x43E;&#x447;&#x435;&#x441;&#x442;&#x432;&#x430;</subfield>
    <subfield code="e">[&#x441;&#x442;&#x438;&#x445;&#x438;]</subfield>
    <subfield code="f">&#x41A;&#x430;&#x442;&#x44F; &#x421;&#x435;&#x43B;&#x44E;&#x43A;</subfield>
  </datafield>
  <datafield tag="210" ind1=" " ind2=" ">
    <subfield code="a">&#x41D;&#x43E;&#x432;&#x43E;&#x43A;&#x443;&#x437;&#x43D;&#x435;&#x446;&#x43A;</subfield>
    <subfield code="c">&#x421;&#x43E;&#x44E;&#x437; &#x43F;&#x438;&#x441;&#x430;&#x442;&#x435;&#x43B;&#x435;&#x439;</subfield>
    <subfield code="d">2012</subfield>
  </datafield>
  <datafield tag="215" ind1=" " ind2=" ">
    <subfield code="a">81, [2] &#x441;.</subfield>
    <subfield code="d">21</subfield>
  </datafield>
  <datafield tag="327" ind1="1" ind2=" ">
    <subfield code="a">&#x421;&#x43E;&#x434;&#x435;&#x440;&#x436;.: &#x446;&#x438;&#x43A;&#x43B;&#x44B;: &#x421;&#x430;&#x434; &#x43C;&#x43E;&#x439;; &#x41A;&#x430;&#x436;&#x434;&#x44B;&#x439; &#x440;&#x430;&#x437;, &#x43A;&#x43E;&#x433;&#x434;&#x430; &#x433;&#x430;&#x441;&#x43D;&#x435;&#x442; &#x441;&#x432;&#x435;&#x442;...; NiveaSoft; &#x41B;&#x438;&#x446;&#x43E;&#x43C; - &#x43A; &#x441;&#x442;&#x435;&#x43D;&#x435; &#x438; &#x43A; &#x432;&#x44B;&#x441;&#x442;&#x440;&#x435;&#x43B;&#x443; - &#x441;&#x43F;&#x438;&#x43D;&#x43E;&#x439;; &#x41A;&#x43E;&#x440;&#x440;&#x438;&#x434;&#x430;; &#x41F;&#x43E;&#x44D;&#x43C;&#x430; &#x41E;&#x434;&#x438;&#x43D;&#x43E;&#x447;&#x435;&#x441;&#x442;&#x432;&#x430;</subfield>
  </datafield>
  <datafield tag="686" ind1=" " ind2=" ">
    <subfield code="a">&#x428;5(2=&#x420;)75-65&#x44F;44</subfield>
    <subfield code="2">rubbk</subfield>
  </datafield>
  <datafield tag="686" ind1=" " ind2=" ">
    <subfield code="a">&#x428;6(2=&#x420;)8-5</subfield>
  </datafield>
  <datafield tag="700" ind1=" " ind2="1">
    <subfield code="4">070</subfield>
    <subfield code="8">rus</subfield>
    <subfield code="7">ca</subfield>
    <subfield code="a">&#x421;&#x435;&#x43B;&#x44E;&#x43A;</subfield>
    <subfield code="b">&#x415;. &#x410;.</subfield>
    <subfield code="g">&#x415;&#x43A;&#x430;&#x442;&#x435;&#x440;&#x438;&#x43D;&#x430; &#x410;&#x43D;&#x430;&#x442;&#x43E;&#x43B;&#x44C;&#x435;&#x432;&#x43D;&#x430;</subfield>
    <subfield code="3">RU\NLR\auth\77120707</subfield>
    <subfield code="9">103632</subfield>
  </datafield>
  <datafield tag="801" ind1=" " ind2="0">
    <subfield code="a">RU</subfield>
    <subfield code="b">RuMoRKP</subfield>
    <subfield code="c">20120604</subfield>
    <subfield code="g">rcr</subfield>
  </datafield>
  <datafield tag="801" ind1=" " ind2="1">
    <subfield code="a">RU</subfield>
    <subfield code="b">&#x420;&#x413;&#x411;</subfield>
    <subfield code="c">20120604</subfield>
  </datafield>
  <datafield tag="801" ind1=" " ind2="2">
    <subfield code="a">RU</subfield>
    <subfield code="b">NLR</subfield>
    <subfield code="c">20120613</subfield>
    <subfield code="g">rcr</subfield>
  </datafield>
  <datafield tag="942" ind1=" " ind2=" ">
    <subfield code="c">BOOK</subfield>
  </datafield>
  <datafield tag="980" ind1=" " ind2=" ">
    <subfield code="a">NBR</subfield>
  </datafield>
</record>
